| 000 | 00330nam a2200121Ia 4500 | ||
|---|---|---|---|
| 008 | 210430s9999 xx 000 0 und d | ||
| 082 | _a658.562 K451 T | ||
| 100 |
_aDr Nawar Khan _918465 |
||
| 245 |
_aTotal Quality Management _cDr Nawar Khan |
||
| 260 |
_aRawalpindi _bNUST Publishing _c2008 |
||
| 300 | _a304p. | ||
| 942 |
_cBK _2ddc |
||
| 999 |
_c564393 _d564393 |
||